000 01032nam a2200289 a 4500
001 63144
003 BD-RjUL
005 20211209081149.0
008 170128s1989 ja 000 0 eng d
020 _a0870119222
035 _a(BD-RjUL)63272
040 _aBD-RjUL
_beng
_cBD-RjUL
041 1 _aeng
_hjpn
082 _222
_a895.630108
_bSHO 1989
245 0 4 _aThe Shōwa anthology :
_bmodern Japanese short stories, 1929-1984 /
_cedited by Van C. Gessel, Tomone Matsumoto
250 _a1st paperback ed
260 _aTokyo :
_bKodansha International,
_c1989
300 _a442 p. ;
_c21 cm
500 _aTranslated from Japanese
650 0 _aEnglish fiction
_xTranslations from Japanese
_9187892
650 0 _aJapanese fiction
_y20th century
_xTranslations into English
_9187877
650 0 _aShort stories, English
_xTranslations from Japanese.
_9187893
650 0 _aShort stories, Japanese
_xTranslations into English.
_9187894
700 1 _aGessel, Van C.
_9187895
700 1 _aMatsumoto, Tomone.
_9187896
942 _2ddc
_cBK
999 _c63144
_d63144